| 000 | 00487nam a2200133 a 4500 | ||
|---|---|---|---|
| 001 | 000037986 | ||
| 005 | 20201002031139.0 | ||
| 008 | 130311s2012 dr abd 000 0 spa d | ||
| 040 |
_aDO-SdBNP _bspa _cBNPHU |
||
| 100 | 1 |
_aÁlvarez Bogaert, Fernando _956497 |
|
| 245 | 1 | 3 |
_aUn nuevo modelo económico y social viable / _cFernando Álvarez Bogaert. |
| 260 |
_aSanto Domingo : _bInstetino de Investigación Competitividad y Desarrollo, _c2012. |
||
| 300 |
_a52 p. : _bil., gráfs, mapas, ; _c29 cm. |
||
| 999 |
_c37476 _d37476 |
||